[Event "61. BEM 2007"]
[Site "Dortmund"]
[Date "2007.02.27"]
[Round "2.7"]
[White "Starp, Klaus"]
[Black "Ziemek, Gerhard"]
[Result "1-0"]
[WhiteElo "1936"]
[BlackElo "1690"]
[PlyCount "81"]
[EventDate "2007.??.??"]
[Source "SG Dortmund"]
[SourceDate "2004.12.16"]

1. e4 e5 2. Nf3 d6 3. d4 exd4 4. Nxd4 Nf6 5. Nc3 Be7 6. Bc4 a6 7. a4 O-O 8. Qe2
Bd7 9. O-O Nc6 10. Nxc6 Bxc6 11. f3 Qd7 12. Be3 Rad8 13. Rfd1 Qe8 14. g4 h6 15.
Nd5 Nxd5 16. Bxd5 Bxd5 17. Rxd5 Bf6 18. c3 Qe7 19. Rad1 Rfe8 20. Qd2 Qd7 21. b3
Be5 22. h3 Qe6 23. c4 g5 24. Kg2 Kh7 25. Rd3 c6 26. c5 d5 27. exd5 cxd5 28.
Rxd5 Rxd5 29. Qxd5 Qxd5 30. Rxd5 Re7 31. Kf2 Kg6 32. Bd4 Bf4 33. b4 Bd2 34.
Rd6+ Kh7 35. b5 axb5 36. axb5 Be1+ 37. Kf1 Bg3 38. Rd8 Bh4 39. Rh8+ Kg6 40.
Rg8+ Kh7 41. Rg7+ 1-0

[Event "61. BEM 2007"]
[Site "Dortmund"]
[Date "2007.02.27"]
[Round "2.8"]
[White "Woestmann, Ulrich"]
[Black "Raskin, Vitali"]
[Result "1-0"]
[WhiteElo "1927"]
[BlackElo "1678"]
[PlyCount "73"]
[EventDate "2007.??.??"]
[Source "SG Dortmund"]
[SourceDate "2004.12.16"]

1. e4 e5 2. Nf3 Nc6 3. Bc4 Bc5 4. c3 Nf6 5. b4 Bxf2+ 6. Kxf2 Nxe4+ 7. Kg1 d5 8.
Bb5 Bg4 9. d3 Nd6 10. Bxc6+ bxc6 11. h3 Bh5 12. g4 e4 13. gxh5 exf3 14. Qxf3
Qe7 15. Qe3 Qxe3+ 16. Bxe3 O-O 17. Bc5 Rfe8 18. Bxd6 cxd6 19. Kf2 Re5 20. Nd2
Rxh5 21. Rae1 Rf5+ 22. Nf3 g5 23. Re7 h5 24. Rg1 f6 25. Rc7 a5 26. a3 axb4 27.
axb4 d4 28. cxd4 Ra6 29. Ke3 Rb5 30. Rc1 Rbb6 31. Ke4 g4 32. hxg4 hxg4 33. Rg1
Rxb4 34. Rxg4+ Kf8 35. Kf5 c5 36. Rh4 Kg8 37. Kg6 1-0

[Event "61. BEM 2007"]
[Site "Dortmund"]
[Date "2007.02.27"]
[Round "2.9"]
[White "Zeldin, Vitali"]
[Black "Flierdl, Lothar"]
[Result "1-0"]
[WhiteElo "1927"]
[BlackElo "1646"]
[PlyCount "41"]
[EventDate "2007.??.??"]
[Source "SG Dortmund"]
[SourceDate "2004.12.16"]

1. e4 c5 2. Nf3 Nc6 3. Bb5 g6 4. c3 Bg7 5. O-O Nf6 6. Re1 O-O 7. d4 b6 8. dxc5
bxc5 9. Bxc6 dxc6 10. Qc2 Qc7 11. Be3 Qa5 12. h3 Rd8 13. Nbd2 c4 14. Nxc4 Qh5
15. Nce5 Bxh3 16. gxh3 Nd7 17. Nxf7 Qxf3 18. Ng5 Qf6 19. Qb3+ e6 20. Nxe6 Kh8
21. Bg5 1-0

[Event "61. BEM 2007"]
[Site "Dortmund"]
[Date "2007.02.27"]
[Round "2.10"]
[White "Volmer, Martin"]
[Black "Reusche, Horst"]
[Result "0-1"]
[WhiteElo "1657"]
[BlackElo "1900"]
[PlyCount "44"]
[EventDate "2007.??.??"]
[Source "SG Dortmund"]
[SourceDate "2004.12.16"]

1. d4 b6 2. c4 Bb7 3. Nc3 e6 4. Nf3 Nf6 5. Bg5 Be7 6. e3 d6 7. Bd3 Nbd7 8. O-O
O-O 9. Re1 e5 10. Nd2 Re8 11. b4 a5 12. b5 Nf8 13. d5 Nxd5 14. Bxe7 Nxe7 15.
Qc2 Qd7 16. f3 f5 17. e4 f4 18. Nd5 Ne6 19. g3 Bxd5 20. cxd5 Nd4 21. Qb2 fxg3
22. hxg3 Qh3 0-1

[Event "61. BEM 2007"]
[Site "Dortmund"]
[Date "2007.02.27"]
[Round "2.11"]
[White "Schütte, Tobias"]
[Black "Watzlawek, Volker"]
[Result "1-0"]
[WhiteElo "1886"]
[BlackElo "1636"]
[PlyCount "77"]
[EventDate "2007.??.??"]
[Source "SG Dortmund"]
[SourceDate "2004.12.16"]

1. e4 e6 2. d4 d5 3. e5 c5 4. c3 Qb6 5. Nf3 Nc6 6. Be2 cxd4 7. cxd4 Nh6 8. b3
Nf5 9. Bb2 Bb4+ 10. Kf1 O-O 11. g4 Nh6 12. Rg1 Bd7 13. a3 Be7 14. b4 Na5 15.
Nbd2 Rac8 16. Rb1 Nc4 17. Nxc4 dxc4 18. Bc3 Bc6 19. Qc2 Bd5 20. a4 f6 21. exf6
Bxf6 22. g5 Bxf3 23. gxf6 Rxf6 24. Bxf3 Rxf3 25. d5 Nf5 26. Kg2 Nh4+ 27. Kh1 g6
28. Rg4 Qd8 29. dxe6 Qd3 30. Rc1 Nf5 31. Qxd3 cxd3 32. Kg2 d2 33. Bxd2 Rxc1 34.
Kxf3 Rc8 35. Re4 Re8 36. b5 Ng7 37. e7 Nf5 38. Bb4 Kf7 39. Rc4 1-0

[Event "61. BEM 2007"]
[Site "Dortmund"]
[Date "2007.02.27"]
[Round "2.12"]
[White "Stepke, Horst P"]
[Black "Ziperstein, Jakob"]
[Result "1/2-1/2"]
[WhiteElo "1636"]
[BlackElo "1858"]
[PlyCount "99"]
[EventDate "2007.??.??"]
[Source "SG Dortmund"]
[SourceDate "2004.12.16"]

1. e4 g6 2. Nc3 Bg7 3. d4 d6 4. Nf3 Nf6 5. Bc4 O-O 6. O-O a6 7. Bg5 b5 8. Bd3
Bb7 9. Re1 c5 10. d5 Nbd7 11. Qc1 c4 12. Bf1 Ng4 13. h3 Nge5 14. Nxe5 Nxe5 15.
Bh6 f5 16. Bxg7 Kxg7 17. f4 Nd7 18. a3 fxe4 19. Rxe4 Nf6 20. Rd4 Qb6 21. Qe3
Rf7 22. Kh1 Bxd5 23. Re1 Bb7 24. Qd2 Raf8 25. Kh2 Nh5 26. g3 Nf6 27. Bg2 Bxg2
28. Kxg2 Qb7+ 29. Kh2 Qd7 30. Re2 Qf5 31. Qe1 Qc5 32. Rdd2 Qa7 33. Re6 Rd8 34.
Rde2 Rd7 35. Nb1 d5 36. Nd2 Ng8 37. Nf3 Rf6 38. c3 Rxe6 39. Rxe6 Kf8 40. Nd4
Rd6 41. Qe5 Qc7 42. Rxd6 exd6 43. Qxd5 Nf6 44. Qa8+ Kf7 45. Qxa6 Qe7 46. Qxb5
d5 47. Qc6 Qe3 48. Qc7+ Kg8 49. Qe5 Qf2+ 50. Kh1 1/2-1/2

[Event "61. BEM 2007"]
[Site "Dortmund"]
[Date "2007.02.27"]
[Round "2.13"]
[White "Duschek, Günter"]
[Black "Büchle, Manfred"]
[Result "1/2-1/2"]
[WhiteElo "1633"]
[BlackElo "1851"]
[PlyCount "101"]
[EventDate "2007.??.??"]
[Source "SG Dortmund"]
[SourceDate "2004.12.16"]

1. d4 d5 2. Bf4 e6 3. Nf3 Nf6 4. e3 Be7 5. c3 O-O 6. h3 c5 7. Bd3 Ne4 8. dxc5
Nxc5 9. Bc2 f5 10. h4 Nc6 11. Ne5 Nxe5 12. Bxe5 Ne4 13. Bxe4 fxe4 14. Qg4 Bf6
15. Bxf6 Qxf6 16. O-O e5 17. Qg3 Bd7 18. a4 Bc6 19. Nd2 Rae8 20. f3 exf3 21.
Rxf3 Qe7 22. b4 Rxf3 23. Nxf3 a6 24. Rb1 Bxa4 25. h5 h6 26. Rb2 e4 27. Nd4 Qe5
28. Qg6 Rf8 29. Qe6+ Qxe6 30. Nxe6 Rf5 31. Nf4 Bd1 32. Rd2 Bxh5 33. Nxd5 Re5
34. Nf4 Be8 35. Rd8 Kf7 36. Rc8 g5 37. Ne2 Re7 38. Nd4 Bd7 39. Rh8 Kg6 40. Rb8
Bg4 41. Rg8+ Kf6 42. c4 Be6 43. Rf8+ Rf7 44. Nxe6 Kxe6 45. Rh8 Rf6 46. Rh7 b5
47. cxb5 axb5 48. Rb7 Rf5 49. Rb6+ Kf7 50. Rxh6 Rd5 51. Rb6 1/2-1/2

[Event "61. BEM 2007"]
[Site "Dortmund"]
[Date "2007.02.27"]
[Round "2.14"]
[White "Kartsev, Alexandr"]
[Black "Grawe, Herbert"]
[Result "1-0"]
[WhiteElo "1835"]
[BlackElo "1445"]
[PlyCount "53"]
[EventDate "2007.??.??"]
[Source "SG Dortmund"]
[SourceDate "2004.12.16"]

1. d4 Nc6 2. c4 e5 3. d5 Nce7 4. Nc3 Ng6 5. e4 a6 6. Bd3 Bc5 7. Nge2 d6 8. O-O
N8e7 9. Kh1 f5 10. f4 O-O 11. Bd2 fxe4 12. Nxe4 Ba7 13. Qc2 Nf5 14. fxe5 Be3
15. e6 Bxd2 16. Qxd2 Ne5 17. N4g3 Nxg3+ 18. Nxg3 Bxe6 19. dxe6 Qh4 20. Nf5 Rxf5
21. Bxf5 Rf8 22. Qf4 Qf6 23. Bxh7+ Kxh7 24. Qe4+ Qg6 25. Qxg6+ Nxg6 26. Rxf8
Nxf8 27. e7 1-0

[Event "61. BEM 2007"]
[Site "Dortmund"]
[Date "2007.02.27"]
[Round "2.15"]
[White "Tkachuk, Sergiy"]
[Black "Strotmann, Dieter"]
[Result "1-0"]
[WhiteElo "2106"]
[BlackElo "1320"]
[PlyCount "53"]
[EventDate "2007.??.??"]
[Source "SG Dortmund"]
[SourceDate "2004.12.16"]

1. e4 e6 2. d4 d5 3. exd5 exd5 4. Nf3 Nf6 5. Bg5 Be7 6. Bd3 O-O 7. O-O Bg4 8.
Re1 Re8 9. Nbd2 Nbd7 10. h3 Bh5 11. g4 Bg6 12. Nf1 Bd6 13. Ne3 c6 14. Nf5 Qc7
15. Nxd6 Qxd6 16. Qd2 Bxd3 17. cxd3 Re6 18. Bf4 Qf8 19. Rxe6 fxe6 20. Re1 Qf7
21. Ng5 Qe8 22. Rxe6 Qg6 23. Re7 Re8 24. Qe3 h6 25. Qe6+ Kh8 26. Nf7+ Kh7 27.
Rxe8 1-0

[Event "61. BEM 2007"]
[Site "Dortmund"]
[Date "2007.02.27"]
[Round "2.16"]
[White "Borjini, Mohamed"]
[Black "Clausen, Dirk"]
[Result "1-0"]
[WhiteElo "1965"]
[BlackElo "1370"]
[PlyCount "69"]
[EventDate "2007.??.??"]
[Source "SG Dortmund"]
[SourceDate "2004.12.16"]

1. d4 d6 2. e4 Nc6 3. Nc3 g6 4. Be3 Bg7 5. Qd2 a6 6. Nge2 f5 7. exf5 Bxf5 8.
Ng3 Qd7 9. Nxf5 Qxf5 10. Bd3 Qg4 11. f3 Qd7 12. O-O-O O-O-O 13. Ne2 e5 14. d5
Nce7 15. Qa5 c6 16. c4 Bh6 17. f4 Rf8 18. g3 Nf6 19. Kb1 e4 20. Bc2 c5 21. b4
Nf5 22. Bg1 cxb4 23. Ba4 Qc7 24. Bb6 Qe7 25. c5 Nd7 26. c6 Nxb6 27. Qxb6 Qc7
28. cxb7+ Qxb7 29. Rc1+ Kb8 30. Qa5 b3 31. Rc6 Bg7 32. Rb6 bxa2+ 33. Kxa2 Rf7
34. Rhb1 Rc8 35. Bc6 1-0

[Event "61. BEM 2007"]
[Site "Dortmund"]
[Date "2007.02.27"]
[Round "2.17"]
[White "Gorzinski, Dariusz"]
[Black "Reinacher, Detlev"]
[Result "1-0"]
[WhiteElo "1855"]
[BlackElo "1480"]
[PlyCount "35"]
[EventDate "2007.??.??"]
[Source "SG Dortmund"]
[SourceDate "2004.12.16"]

1. c4 Nf6 2. g3 e6 3. Bg2 d5 4. Nf3 Be7 5. d4 O-O 6. cxd5 exd5 7. Nc3 b6 8. O-O
Bb7 9. Qc2 a6 10. Bg5 Nbd7 11. Rfd1 h6 12. Bf4 Rc8 13. Ne5 Bd6 14. Qf5 Re8 15.
Nxd5 Bxd5 16. Bxd5 Bxe5 17. dxe5 g6 18. Qxg6+ 1-0

[Event "61. BEM 2007"]
[Site "Dortmund"]
[Date "2007.02.27"]
[Round "2.18"]
[White "Holtmann, Rainer"]
[Black "Hardt, Helmut"]
[Result "1/2-1/2"]
[WhiteElo "1679"]
[BlackElo "1793"]
[PlyCount "111"]
[EventDate "2007.??.??"]
[Source "SG Dortmund"]
[SourceDate "2004.12.16"]

1. e4 d6 2. d4 Nf6 3. Nc3 Nbd7 4. Nf3 c5 5. d5 g6 6. h3 Bg7 7. Bd3 O-O 8. O-O
Nh5 9. Ne2 Qc7 10. c4 e6 11. Nc3 a6 12. a4 Ne5 13. Nxe5 Bxe5 14. Be3 Nf4 15.
Qd2 Nxd3 16. Qxd3 Bg7 17. f4 Kh8 18. Rab1 Bd7 19. b3 Rfe8 20. Rf3 f5 21. exf5
exf5 22. Bf2 Qa5 23. Be1 Re7 24. Ne2 Qc7 25. Bc3 Rae8 26. Bxg7+ Kxg7 27. Rb2
Re4 28. Qc3+ Kf7 29. Ng3 Re1+ 30. Kf2 R1e7 31. Re2 Rxe2+ 32. Nxe2 Qd8 33. g3 b5
34. axb5 axb5 35. Re3 bxc4 36. bxc4 Bc8 37. Ng1 Rxe3 38. Kxe3 Qe8+ 39. Kf2 Ba6
40. Nf3 h6 41. Nd2 Qb8 42. Ke3 g5 43. Qa5 Qe8+ 44. Kf2 Qc8 45. Qb6 Ke7 46. Qb2
Qf8 47. Qb6 Bc8 48. Qb2 gxf4 49. gxf4 h5 50. Nf3 Qg8 51. Ng5 Qg6 52. h4 Qf6 53.
Qxf6+ Kxf6 54. Nf3 Ba6 55. Nd2 Ke7 56. Ke3 1/2-1/2

[Event "61. BEM 2007"]
[Site "Dortmund"]
[Date "2007.02.27"]
[Round "2.19"]
[White "Bollmann, Marcel"]
[Black "Rossa, Daniel"]
[Result "1-0"]
[WhiteElo "1280"]
[BlackElo "1543"]
[PlyCount "147"]
[EventDate "2007.??.??"]
[Source "SG Dortmund"]
[SourceDate "2004.12.16"]

1. e4 c5 2. Nf3 d6 3. d4 cxd4 4. c3 Nf6 5. Bb5+ Bd7 6. Qe2 dxc3 7. Nxc3 a6 8.
Bc4 e6 9. O-O b5 10. Bb3 Be7 11. Be3 Nc6 12. Rac1 Na5 13. Bc2 Rc8 14. Rfd1 e5
15. h3 Be6 16. Nxe5 O-O 17. Nf3 Qc7 18. Bf4 Nc4 19. Bb3 Nd7 20. Nd5 Bxd5 21.
Rxd5 Ndb6 22. Rd3 Bf6 23. Bxd6 Qxd6 24. Rxd6 Nxd6 25. Rxc8 Ndxc8 26. Qc2 g6 27.
e5 Bg7 28. Qc5 h6 29. Qe3 Re8 30. a3 Re7 31. Ba2 Kh7 32. b4 Bh8 33. Qf4 Kg8 34.
Qxh6 Nc4 35. Qc1 N8b6 36. Bxc4 Nxc4 37. Qg5 Re8 38. Qf4 Nxa3 39. Ng5 Re7 40. e6
fxe6 41. Qd6 Bf6 42. Nxe6 Nc2 43. g3 Nxb4 44. Nc5 Kf7 45. Nxa6 Nxa6 46. Qxa6
Re5 47. Qb6 Be7 48. Qb8 Re1+ 49. Kg2 b4 50. h4 Re6 51. Kh3 Rf6 52. Kg2 Re6 53.
f3 Rf6 54. Qb7 Kf8 55. g4 Rd6 56. Kg3 Rd8 57. Qb6 Rd6 58. Qe3 Ke8 59. f4 Kd7
60. g5 Rc6 61. Kg4 Bd6 62. Qe4 b3 63. Qxg6 Rb6 64. Qf7+ Kd8 65. Qf6+ Kd7 66.
Qf5+ Kc7 67. g6 b2 68. Qc2+ Kb7 69. Qb1 Bf8 70. f5 Bg7 71. Kg5 Bf6+ 72. Kh5 Rb4
73. g7 Bxg7 74. Kg5 1-0

[Event "61. BEM 2007"]
[Site "Dortmund"]
[Date "2007.02.27"]
[Round "2.20"]
[White "Kropp, Andreas"]
[Black "Wodzinski, Kristin"]
[Result "1-0"]
[WhiteElo "1821"]
[BlackElo "1057"]
[PlyCount "41"]
[EventDate "2007.??.??"]
[Source "SG Dortmund"]
[SourceDate "2004.12.16"]

1. Nf3 c5 2. g3 d6 3. Bg2 Nf6 4. O-O Nbd7 5. d4 cxd4 6. Nxd4 e5 7. Nb5 Nb6 8.
Bg5 Be7 9. Bxf6 gxf6 10. a4 a6 11. N5a3 Nxa4 12. Nc4 Nb6 13. Nba3 Rb8 14. Qd3
Be6 15. Rfd1 d5 16. Nxb6 e4 17. Qd4 f5 18. Qxh8+ Bf8 19. Nxd5 Bxd5 20. Qe5+ Be7
21. Rxd5 1-0

[Event "61. BEM 2007"]
[Site "Dortmund"]
[Date "2007.02.27"]
[Round "2.21"]
[White "Schaefer, Ulrich"]
[Black "Noori, Mir Ahmad"]
[Result "0-1"]
[WhiteElo "1347"]
[BlackElo "1601"]
[PlyCount "62"]
[EventDate "2007.??.??"]
[Source "SG Dortmund"]
[SourceDate "2004.12.16"]

1. e4 e6 2. d4 d6 3. Nf3 Nf6 4. Nc3 Be7 5. Bf4 Nh5 6. Be3 Nf6 7. e5 Nfd7 8. Qd2
Nc6 9. exd6 cxd6 10. Bd3 Nb4 11. Bb5 a6 12. Bxd7+ Bxd7 13. a3 Nc6 14. Ne4 Rc8
15. Bf4 d5 16. O-O dxe4 17. Ne5 Nxe5 18. Bxe5 Bf6 19. Rad1 Bc6 20. Qf4 O-O 21.
Rfe1 Bxe5 22. dxe5 Qc7 23. Re3 f6 24. Rg3 f5 25. Qh6 Qxe5 26. c3 Qf6 27. Qh5
Be8 28. Qe2 Bg6 29. Rd7 Rf7 30. Qd2 Rxd7 31. Qxd7 Rd8 0-1

[Event "61. BEM 2007"]
[Site "Dortmund"]
[Date "2007.02.27"]
[Round "2.22"]
[White "Schröder, Thomas"]
[Black "Bötzel, Sascha"]
[Result "1-0"]
[WhiteElo "1581"]
[BlackElo "1333"]
[PlyCount "79"]
[EventDate "2007.??.??"]
[Source "SG Dortmund"]
[SourceDate "2004.12.16"]

1. f4 Nf6 2. Nf3 g6 3. e3 Bg7 4. d4 d5 5. Bd3 O-O 6. O-O b6 7. Qe1 Ba6 8. Ne5
Bxd3 9. Nxd3 Ne4 10. Nd2 Na6 11. c3 c5 12. f5 e6 13. fxe6 fxe6 14. Nxe4 dxe4
15. Nf2 Qd5 16. Qe2 Nc7 17. Bd2 c4 18. Qg4 Rf5 19. Qxe4 Qxe4 20. Nxe4 Raf8 21.
Nd6 Rxf1+ 22. Rxf1 Rxf1+ 23. Kxf1 b5 24. e4 Bf8 25. Bf4 Bxd6 26. Bxd6 Ne8 27.
Be5 Kf7 28. Ke2 Nf6 29. Bxf6 Kxf6 30. Ke3 h5 31. g3 g5 32. h3 a6 33. g4 hxg4
34. hxg4 e5 35. d5 Ke7 36. b3 Kd6 37. Kd2 a5 38. Kc2 Kc5 39. Kb2 Kd6 40. bxc4
1-0

[Event "61. BEM 2007"]
[Site "Dortmund"]
[Date "2007.02.27"]
[Round "2.25"]
[White "Benke, Werner"]
[Black "Krüger, Inge"]
[Result "1-0"]
[WhiteElo "1501"]
[BlackElo "1253"]
[PlyCount "87"]
[EventDate "2007.??.??"]
[Source "SG Dortmund"]
[SourceDate "2004.12.16"]

1. e4 e6 2. d4 d5 3. e5 c5 4. c3 cxd4 5. cxd4 Ne7 6. Bd3 Nec6 7. Nf3 Be7 8. a3
O-O 9. O-O Nd7 10. Nc3 a6 11. Be3 b5 12. Rc1 Bb7 13. Bb1 f5 14. exf6 Nxf6 15.
Ng5 Qd7 16. f4 h6 17. Nf3 Ng4 18. Qd3 Rf5 19. h3 Nxe3 20. Qxe3 Rf7 21. Qd3 Rf5
22. Qe3 Rf7 23. Rce1 Rf6 24. g3 Re8 25. Nh4 Ref8 26. Qd3 Rf5 27. Nxf5 exf5 28.
Kg2 Bc8 29. Ba2 Kh8 30. Nxd5 Bd8 31. Re2 Qa7 32. Rd1 a5 33. Rc2 Qb7 34. Rdc1
Bd7 35. Kh2 b4 36. axb4 axb4 37. Qc4 Ba5 38. Qc5 Re8 39. Bb3 Qa8 40. Qd6 Nxd4
41. Qxd7 Nxc2 42. Rxc2 Rf8 43. Ne7 Kh7 44. Nxf5 1-0

[Event "61. BEM 2007"]
[Site "Dortmund"]
[Date "2007.02.27"]
[Round "2.26"]
[White "Ackerhans, Gerd"]
[Black "Schoppe, Hans-Werner"]
[Result "1-0"]
[WhiteElo "1476"]
[BlackElo "1178"]
[PlyCount "41"]
[EventDate "2007.??.??"]
[Source "SG Dortmund"]
[SourceDate "2004.12.16"]

1. c4 c5 2. Nc3 Nc6 3. Nf3 g6 4. g3 Bg7 5. Bg2 Nf6 6. d3 d6 7. O-O O-O 8. a3 a6
9. Rb1 Rb8 10. Bd2 Ng4 11. Nd5 f6 12. b4 cxb4 13. Nxb4 Bd7 14. Nd5 b5 15. cxb5
Rxb5 16. Rxb5 axb5 17. Nc3 b4 18. axb4 Nxb4 19. Qb3+ e6 20. Qxb4 Qe7 21. Qxg4
1-0

[Event "61. BEM 2007"]
[Site "Dortmund"]
[Date "2007.02.27"]
[Round "2.27"]
[White "Kiauka, Richard"]
[Black "Schröder, Marcel"]
[Result "1/2-1/2"]
[WhiteElo "1200"]
[BlackElo "1440"]
[PlyCount "122"]
[EventDate "2007.??.??"]
[Source "SG Dortmund"]
[SourceDate "2004.12.16"]

1. c4 e5 2. Nc3 Nf6 3. Nf3 d6 4. d3 g6 5. Bg5 Bg7 6. g3 O-O 7. Bg2 c6 8. h4 Qb6
9. Bxf6 Bxf6 10. Ne4 Be7 11. b3 f5 12. Nc3 Bf6 13. e4 Na6 14. Na4 Qb4+ 15. Qd2
Qxd2+ 16. Nxd2 Nb4 17. Ke2 Nc2 18. Rac1 Nd4+ 19. Kd1 Be6 20. Nf3 fxe4 21. Nxd4
exd4 22. Bxe4 Bg7 23. f4 Rfe8 24. Kc2 d5 25. Bf3 dxc4 26. bxc4 Bf5 27. Rhe1 Re3
28. Be4 Bxe4 29. Rxe3 dxe3 30. dxe4 Bd4 31. Nc3 c5 32. Rd1 Re8 33. e5 Kf7 34.
Nb5 e2 35. Re1 Bf2 36. Rxe2 Bxg3 37. Nd6+ Ke7 38. Nxe8 Kxe8 39. h5 gxh5 40. Rg2
h4 41. e6 Ke7 42. f5 Kf6 43. Re2 Bd6 44. Re3 Be7 45. Rf3 h3 46. Rxh3 Kxf5 47.
Rxh7 Kxe6 48. Rh8 Kd6 49. Kb3 a6 50. Rh6+ Kc7 51. Rh7 Kd6 52. Ka4 Ke6 53. Ka5
Bd8+ 54. Ka4 Be7 55. Rh8 Kd6 56. Ka5 Kc6 57. Rh6+ Bd6 58. Rg6 Kc7 59. Rg7+ Kc6
60. Rg6 Kc7 61. Ka4 Kc6 1/2-1/2

[Event "61. BEM 2007"]
[Site "Dortmund"]
[Date "2007.02.27"]
[Round "2.28"]
[White "Hast, Stefan"]
[Black "Zabel, Reinhard"]
[Result "0-1"]
[WhiteElo "1161"]
[BlackElo "1427"]
[PlyCount "114"]
[EventDate "2007.??.??"]
[Source "SG Dortmund"]
[SourceDate "2004.12.16"]

1. e4 e5 2. Nf3 Nf6 3. Nc3 Nc6 4. Bc4 Bc5 5. d3 h6 6. a3 d6 7. Na4 Bb6 8. Nxb6
axb6 9. O-O O-O 10. c3 Bg4 11. Re1 Re8 12. Qb3 Qd7 13. Nd2 Na5 14. Qc2 Nxc4 15.
Nxc4 Be6 16. Nd2 Qc6 17. Nf3 Bg4 18. Nd2 b5 19. b4 d5 20. f3 Be6 21. exd5 Bxd5
22. Ne4 Bxe4 23. dxe4 Rad8 24. Be3 Rd7 25. Red1 Red8 26. Rxd7 Qxd7 27. Kf2 Qd3
28. Qxd3 Rxd3 29. Rc1 Rd8 30. Ke2 Kf8 31. Rd1 Rxd1 32. Kxd1 Nd7 33. Kc2 Ke7 34.
Kb3 Kd6 35. a4 bxa4+ 36. Kxa4 h5 37. Kb5 c6+ 38. Ka5 b5 39. Bb6 g6 40. Ka6 f5
41. Kb7 Nf6 42. Bc7+ Ke6 43. Kxc6 fxe4 44. fxe4 Nxe4 45. Kxb5 Nxc3+ 46. Kc4 Nd5
47. b5 Nxc7 48. b6 Na6 49. Kb5 Nb8 50. b7 Kd6 51. Kc4 Nc6 52. Kd3 Kc7 53. Ke4
Kxb7 54. h4 Kc7 55. Kd5 Kd7 56. Ke4 Ke6 57. g3 Ne7 0-1

[Event "61. BEM 2007"]
[Site "Dortmund"]
[Date "2007.02.27"]
[Round "2.29"]
[White "Dedeck, Sylvia"]
[Black "Jentzsch, Werner Wilfried"]
[Result "1-0"]
[WhiteElo "1034"]
[BlackElo "1423"]
[PlyCount "137"]
[EventDate "2007.??.??"]
[Source "SG Dortmund"]
[SourceDate "2004.12.16"]

1. d4 e6 2. c4 d5 3. Nc3 dxc4 4. e4 c5 5. Nf3 cxd4 6. Nxd4 Bc5 7. Be3 Ne7 8.
Bxc4 O-O 9. O-O e5 10. Nc2 Qb6 11. b3 Bxe3 12. Nxe3 Nbc6 13. Ncd5 Nxd5 14. Nxd5
Qd4 15. Qxd4 exd4 16. Bb5 a6 17. Bxc6 bxc6 18. Ne7+ Kh8 19. Nxc8 Raxc8 20. Rac1
c5 21. Rc4 a5 22. Rd1 Rfe8 23. f3 Red8 24. Kf2 Rc6 25. a3 Rb8 26. Rb1 d3 27.
Ke3 Rd8 28. Rd1 Rcd6 29. Rxc5 d2 30. Rd5 Rxd5 31. exd5 Rxd5 32. Rxd2 Re5+ 33.
Kf2 Re8 34. b4 axb4 35. axb4 g5 36. b5 Kg7 37. g4 Kg6 38. b6 Re5 39. Rb2 Re8
40. b7 Rb8 41. Rb6+ f6 42. Kg3 Kf7 43. h4 h6 44. hxg5 hxg5 45. f4 Ke7 46. fxg5
fxg5 47. Kf3 Kd7 48. Ke4 Kc7 49. Rb4 Re8+ 50. Kf5 Rf8+ 51. Kxg5 Rg8+ 52. Kh4
Rh8+ 53. Kg3 Rb8 54. g5 Kd7 55. Kg4 Ke6 56. Rb5 Kf7 57. Kf5 Kg7 58. Rb6 Kf7 59.
Ke5 Ke7 60. Kd5 Kd7 61. g6 Kc7 62. Rb4 Kd7 63. g7 Kc7 64. Ke6 Kc6 65. Kf7 Kc7
66. g8=Q Rxg8 67. Kxg8 Kb8 68. Kf7 Kc7 69. b8=Q+ 1-0

[Event "61. BEM 2007"]
[Site "Dortmund"]
[Date "2007.02.27"]
[Round "2.30"]
[White "Milonas, Georgios"]
[Black "Müller, Michaela"]
[Result "1-0"]
[WhiteElo "1398"]
[BlackElo "1005"]
[PlyCount "29"]
[EventDate "2007.??.??"]
[Source "SG Dortmund"]
[SourceDate "2004.12.16"]

1. e4 e6 2. d4 d5 3. exd5 exd5 4. Bd3 Nf6 5. c3 Be7 6. h3 Be6 7. Nf3 Qd7 8. Ne5
Qd6 9. Bg5 c6 10. Nd2 Nbd7 11. f4 Nb6 12. f5 Bd7 13. O-O O-O-O 14. Nxf7 Qc7 15.
Bf4 1-0

[Event "61. BEM 2007"]
[Site "Dortmund"]
[Date "2007.02.27"]
[Round "2.31"]
[White "Rabe, Mark"]
[Black "Stiebel, Erhard"]
[Result "0-1"]
[WhiteElo "1004"]
[BlackElo "1384"]
[PlyCount "36"]
[EventDate "2007.??.??"]
[Source "SG Dortmund"]
[SourceDate "2004.12.16"]

1. e4 d5 2. Nc3 d4 3. Nce2 e5 4. d3 Nf6 5. Nf3 Bd6 6. c3 Bg4 7. Ng5 dxc3 8. Qb3
O-O 9. bxc3 b6 10. d4 h6 11. dxe5 Bxe5 12. f4 Bxc3+ 13. Nxc3 hxg5 14. fxg5 Nfd7
15. g6 Nc5 16. gxf7+ Rxf7 17. Qd5 Qf6 18. e5 Qf2# 0-1

[Event "61. BEM 2007"]
[Site "Dortmund"]
[Date "2007.02.27"]
[Round "2.32"]
[White "Dörre, Niels"]
[Black "Dirks, Rainer"]
[Result "1-0"]
[WhiteElo "1374"]
[BlackElo "979"]
[PlyCount "63"]
[EventDate "2007.??.??"]
[Source "SG Dortmund"]
[SourceDate "2004.12.16"]

1. e4 e5 2. Nf3 d6 3. d4 Bg4 4. dxe5 Bxf3 5. Qxf3 dxe5 6. Bc4 Qf6 7. Qb3 b6 8.
O-O Nc6 9. Bd5 Nge7 10. Nc3 O-O-O 11. f4 Nd4 12. Qa4 a5 13. fxe5 Qxe5 14. Bf4
Qh5 15. Qxd4 Nxd5 16. Qc4 Nxf4 17. Rxf4 Kb7 18. Rxf7 Bd6 19. Qd5+ Qxd5 20. exd5
Bc5+ 21. Kh1 Bb4 22. Nb5 Bd6 23. Rxg7 Ka6 24. Nxc7+ Bxc7 25. Rxc7 Rxd5 26. Re1
h6 27. h3 Rd6 28. Ree7 Rf8 29. c4 Ra8 30. a3 Rd2 31. b4 b5 32. Re6+ 1-0

[Event "61. BEM 2007"]
[Site "Dortmund"]
[Date "2007.02.27"]
[Round "2.34"]
[White "Eickmann, Martin"]
[Black "Marienfeld, Udo"]
[Result "0-1"]
[WhiteElo "778"]
[BlackElo "1349"]
[PlyCount "44"]
[EventDate "2007.??.??"]
[Source "SG Dortmund"]
[SourceDate "2004.12.16"]

1. e4 c5 2. Nc3 e6 3. Bc4 Nc6 4. Nf3 Nf6 5. e5 Ng4 6. O-O Ngxe5 7. Qe2 Nxc4 8.
Qxc4 d5 9. Qe2 Bd6 10. d3 O-O 11. Bg5 Be7 12. Rad1 Bxg5 13. Nxg5 Qxg5 14. d4
Nxd4 15. Qd3 a6 16. a3 Bd7 17. b4 b6 18. bxc5 bxc5 19. Rfe1 Bc6 20. Ne2 Nxe2+
21. Qxe2 d4 22. Qc4 Qxg2# 0-1

[Event "61. BEM 2007"]
[Site "Dortmund"]
[Date "2007.03.01"]
[Round "3.1"]
[White "Reusche, Horst"]
[Black "Fiebig, Thomas"]
[Result "0-1"]
[WhiteElo "1900"]
[BlackElo "2331"]
[PlyCount "58"]
[EventDate "2007.??.??"]
[Source "SG Dortmund"]
[SourceDate "2004.12.16"]

1. e4 e6 2. d4 d5 3. e5 c5 4. c3 Qb6 5. Nf3 Nc6 6. a3 a5 7. b3 Bd7 8. Bb2 Nh6
9. Be2 Be7 10. Nbd2 cxd4 11. cxd4 O-O 12. Nf1 f6 13. exf6 Rxf6 14. Ne3 Raf8 15.
O-O Be8 16. Rc1 Bh5 17. Ne5 Bxe2 18. Qxe2 Nxe5 19. dxe5 R6f7 20. Qd3 Bc5 21.
Rce1 Qd8 22. Qb5 Bxe3 23. fxe3 Ng4 24. Rxf7 Rxf7 25. Rf1 Rxf1+ 26. Qxf1 Qb6 27.
Qd3 a4 28. b4 Qxe3+ 29. Qxe3 Nxe3 0-1

[Event "61. BEM 2007"]
[Site "Dortmund"]
[Date "2007.03.01"]
[Round "3.2"]
[White "Kartsev, Soel"]
[Black "Starp, Klaus"]
[Result "1-0"]
[WhiteElo "2180"]
[BlackElo "1936"]
[PlyCount "55"]
[EventDate "2007.??.??"]
[Source "SG Dortmund"]
[SourceDate "2004.12.16"]

1. Nf3 d5 2. c4 e6 3. d4 Nf6 4. Nc3 c6 5. cxd5 exd5 6. Bg5 h6 7. Bh4 Bd6 8. e3
Bf5 9. Bd3 Bxd3 10. Qxd3 Nbd7 11. O-O O-O 12. a3 a5 13. Rab1 Qe7 14. Rfe1 g5
15. Bg3 Bxg3 16. hxg3 Ne4 17. b4 axb4 18. axb4 Ra3 19. Nxd5 Rxd3 20. Nxe7+ Kh7
21. Red1 Rxd1+ 22. Rxd1 Re8 23. Nf5 Ndf6 24. Ne5 Nd5 25. Nxf7 Nec3 26. Rd2 Nxb4
27. Rb2 Ncd5 28. N7d6 1-0